00713 2200265 4500001002100000005001500021035002000036245002800056100003300084250001200117300004200129006001800171007000300189008004100192264003800233336002100271337003000292338002300322082000800345020001800353650001700371084001400388504002900402990001600431INLIS00000000000461120260524072149 a0010-01220002431 aTeori Budaya Organisasi0 aTaliziduhu NdrahaePengarang a.-Cet.1 axii, 270 hal. :billus. ;c15,4x23 cma ta260524 0  a.--jakarta :bRineka Cipta,c2005 2rdacontentaTeks 2rdamediaaTanpa Perantara 2rdacarrieraVolume a206 a979-518-939-5 4aTeori Budaya a206 TAL e abibliografi, hlm 264-270 a978-BR/KAPD